TOTSY z Premier League w EAFC 24 - Statystyki

Ogólne statystyki
  • Ten quiz został rozwiązany 59 razy
  • Średni wynik to 9 z 33
Statystyki odpowiedzi
Overal Piłkarz % Poprawnych
97 Erling Haaland
90%
96 de Bruyne
74%
95 Mohamed Salah
74%
97 van Dijk
62%
94 Alisson
60%
94 Phil Foden
52%
95 Bukayo Saka
48%
96 Rodri
48%
94 Bruno Fernandes
38%
94 Cole Palmer
38%
94 William Saliba
38%
94 Son
34%
94 Martin Odegaard
32%
91 Gabriel
28%
96 Declan Rice
22%
91 Ben White
20%
92 Kai Havertz
20%
92 Mac Allister
18%
92 Alejandro Garnacho
16%
94 Luis Diaz
16%
92 Ibrahima Konate
14%
90 Dominik Szoboszlai
12%
92 Christian Romero
8%
92 Kobbie Mainoo
8%
91 Jarrod Bowen
6%
92 Christopher Nkunku
4%
90 Antonee Robinson
2%
92 Jeremy Doku
2%
92 Julian Alvarez
2%
92 Mohammed Kudus
2%
90 Pervis Estupinan
2%
91 Douglas Luiz
0%
90 John Mcginn
0%
Nie znaleziono quizów pasujących do podanych kryteriów
Rozkład punktacji
Procent ludzi z każdym wynikiem
Percentyl według liczby udzielonych odpowiedzi
Twoja historia wyników
Nie rozwiązałeś tego quizu